000 00672nam a2200205Ia 4500
003 IN-BaIIA
008 211028s9999 xx 000 0 eng d
020 _a0-415-27938-0
040 _cIIA Library
080 _a521.1
_bMOR
100 _aMorbidelli, A.
_928318
245 0 _aModern celestial mechanics
_baspects of solar system dynamics
_cA. Morbidelli
260 _aLondon
_bTaylor and Francis
_c2002
300 _axi, 356p.
490 _aAdvances in astronomy and astrophysics; v. 5
650 _aCelestial mechanics
650 _aPerturbation theory
_94926
650 _aSingle resonance dynamics
_928319
942 _cBK
999 _c15351
_d15351